[Event "Nizhnij Tagil Stone Flower-B"]
[Site "Nizhnij Tagil"]
[Date "2010.12.11"]
[Round "2"]
[White "Pleshkevich, Konstantin"]
[Black "Semenova, Elena"]
[Result "1-0"]
[WhiteElo "1897"]
[BlackElo "2129"]
[PlyCount "127"]
[EventDate "2010.12.11"]
[EventType "tourn"]
[EventRounds "12"]
[EventCountry "RUS"]
[SourceTitle "EXT 2022"]
[Source "ChessBase"]
[SourceDate "2021.10.06"]
[SourceVersion "1"]
[SourceVersionDate "2021.10.06"]
[SourceQuality "1"]

1. e4 e5 2. Nf3 Nc6 3. Bc4 Nf6 4. Ng5 d5 5. exd5 Na5 6. Bb5+ c6 7. dxc6 bxc6 8. Bd3 h6 9. Ne4 Nd5 10. 0-0 Be6 11. Ng3 Nf4 12. Be4 Qc7 13. d4 Rd8 14. c3 exd4 15. cxd4 Bd6 16. Qa4 Nd5 17. Bd2 Nb7 18. Rc1 Rc8 19. Bxd5 Bxd5 20. Nc3 Be6 21. Qxa7 Bxg3 22. hxg3 0-0 23. d5 cxd5 24. Nxd5 Qd6 25. Qxb7 Rxc1+ 26. Rxc1 Bxd5 27. Qb4 Qxb4 28. Bxb4 Rb8 29. a3 Bb3 30. Rc3 Bd5 31. Re3 Kh7 32. f3 Bc4 33. Kf2 Rd8 34. Re1 Bb3 35. Re3 Bc4 36. Ke1 Kg6 37. a4 h5 38. b3 Bd3 39. Bc5 Bc2 40. Rc3 Bd3 41. b4 Bf5 42. b5 Ra8 43. Ra3 Bd7 44. Kd2 Ra5 45. Bb4 Ra8 46. Bc5 Rc8 47. Bd4 Ra8 48. Bb2 Rb8 49. Rb3 f6 50. Rb4 Kf5 51. Bd4 Ra8 52. Kc2 Ke6 53. Bb6 Rc8+ 54. Kb2 Kd6 55. a5 Rb8 56. Ka3 Be6 57. Rd4+ Ke7 58. Kb4 Bd7 59. a6 Be6 60. Bc5+ Kf7 61. b6 Bc8 62. Kb5 Ke6 63. a7 Ra8 64. Kc6 1-0